Music Quiz

Random Music or Quick Pick Quiz

Quick Pick-2 Syllable Songs-4 Quiz Stats

 Plays Quiz not verified by Sporcle

Score 0/19 Timer 01:30
0 Plays Today
% Correct
Bells
93%
Anne
87.7%
Dance
86%
Street
86%
Stuff
84.2%
Freak
84.2%
Dean
80.7%
Down
78.9%
You
75.4%
Life
75.4%
% Correct
You
71.9%
Shot
66.7%
Go
66.7%
Smell
63.2%
Chain
61.4%
Dog
59.6%
Lands
57.9%
Change
42.1%
Kid
35.1%

You're not logged in!

Compare scores with friends on all Sporcle quizzes.
OR
Log In

Show Comments

Extras

Top Quizzes Today


Score Distribution

Your Account Isn't Verified!

In order to create a playlist on Sporcle, you need to verify the email address you used during registration. Go to your Sporcle Settings to finish the process.

Report this User

Report this user for behavior that violates our Community Guidelines.

Details: